00373nam a2200157Ia 45000010006000000050017000060080041000230410008000640820014000721000034000862450042001202600009001623000028001716500008001996540008002071680120260306170337.0260306t2016||||xx |||||||||||||| ||und|| aESP a657bP21I aPalomino Hurtado, CarloseAUT 0aContabilidad intermedia electrónica c2016 a263 páginas :c24 cm. aGEN aCCO